00722cam a2200217 a 4500001001000000003000400010005001700014008004100031020001500072040002500087100003000112245008500142260002900227300002100256490003600277500004300313600003000356651004800386700003400434830003600468000007475OSt20201001142821.0770126s1975 sp 000 0aspa  a8432505331 aDO-SdBNPbspacBNPHU1 aOlano, Antonio D.,d1938-10aÁfrica ia sangre y fuego! /cAntonio D. Olano ; prólogo Manuel Blanco Tobio. aMadrid :bDoncel,c1975. a319 p. ;c18 cm.1 aEl Libro de bolsillo Doncelv71 aIncluye notas al pie de las páginas.14aOLANO, ANTONIO D.,d1938- 4aÁfrica Sub SaharaxDescripciones Y Viajes1 aBlanco Tobio, Manuelepról. 0aEl Libro de bolsillo Doncel, 71